| 000 | 00000nam 2200000zi 4500 |
| 001 | 9.952540 |
| 003 | CaOODSP |
| 005 | 20250821110922 |
| 006 | m o d f |
| 007 | cr |n||||||||| |
| 008 | 250620e198512uuxxcad obt f|0| 0 eng d |
| 040 | |aCaOODSP|beng|erda|cCaOODSP |
| 043 | |an-cn--- |
| 086 | 1 |aD68-25/21-1985E-PDF |
| 100 | 1 |aStewart, Larry E., |eauthor. |
| 245 | 10|a1985 anthropometric survey of Canadian Forces aircrew / |csubmitted to: Patricia Rothwell ; by: Larry E. Stewart ; for: Human Elements Incorporated. |
| 264 | 1|aDownsview, Ontario.|bDefence Civil Institute of Environmental Medicine, Department of National Defence - Canada, |cDecember 1985. |
| 300 | |a1 online resource (226, [2] pages) : |bcharts, illustrations. |
| 336 | |atext|btxt|2rdacontent |
| 337 | |acomputer|bc|2rdamedia |
| 338 | |aonline resource|bcr|2rdacarrier |
| 490 | 1 |aTechnical report ; |vNo. 85-12-01 |
| 500 | |aDigitized edition from print [produced by Defence Research and Development Canada]. |
| 500 | |a"DSS File No. 01SE.97711-4-8216." |
| 504 | |aIncludes bibliographical references (pages 14-15). |
| 610 | 10|aCanada. |bCanadian Armed Forces. |
| 650 | 0|aFlight crews|xAnthropometry|zCanada. |
| 650 | 0|aHuman engineering|zCanada. |
| 650 | 6|aAvions|xÉquipage|xAnthropométrie|zCanada. |
| 650 | 6|aErgonomie|zCanada. |
| 710 | 2 |aDefence and Civil Institute of Environmental Medicine (Canada), |eissuing body. |
| 710 | 1 |aCanada. |bDepartment of National Defence, |eissuing body. |
| 710 | 1 |aHuman Elements Incorporated, |econsultant. |
| 830 | #0|aDCIEM technical report ;|vNo. 85-12-01.|w(CaOODSP)9.943618 |
| 856 | 40|qPDF|s14.60 MB|uhttps://publications.gc.ca/collections/collection_2025/rddc-drdc/D68-25-21-1985-eng.pdf |